Gokhale : (Record no. 18489)

MARC details
000 -LEADER
fixed length control field 01047cam a2200301 i 4500
001 - CONTROL NUMBER
control field 1777059
003 - CONTROL NUMBER IDENTIFIER
control field BDDh-ASL
005 - DATE AND TIME OF LATEST TRANSACTION
control field 20231015025717.0
008 - FIXED-LENGTH DATA ELEMENTS--GENERAL INFORMATION
fixed length control field 780118s1977 ii af b 001 0beng
010 ## - LIBRARY OF CONGRESS CONTROL NUMBER
LC control number 77072129
020 ## - INTERNATIONAL STANDARD BOOK NUMBER
International Standard Book Number 0691031150 :
Terms of availability $25.00
040 ## - CATALOGING SOURCE
Original cataloging agency DLC
Transcribing agency DLC
Modifying agency BDDh-ASL
043 ## - GEOGRAPHIC AREA CODE
Geographic area code a-ii---
050 00 - LIBRARY OF CONGRESS CALL NUMBER
Classification number DS479.1.G6
Item number N36 1977b
082 00 - DEWEY DECIMAL CLASSIFICATION NUMBER
Classification number 923.254
Item number NAG
100 1# - MAIN ENTRY--PERSONAL NAME
Personal name Nanda, B. R.
Fuller form of name (Bal Ram),
Dates associated with a name 1917-2010.
245 10 - TITLE STATEMENT
Title Gokhale :
Remainder of title the Indian moderates and the British Raj /
Statement of responsibility, etc. by B. R. Nanda.
260 ## - PUBLICATION, DISTRIBUTION, ETC.
Place of publication, distribution, etc. Delhi:
Name of publisher, distributor, etc. Oxford University Press,
Date of publication, distribution, etc. c1977.
300 ## - PHYSICAL DESCRIPTION
Extent x, 520 p., [4] leaves of plates :
Other physical details ill. ;
Dimensions 25 cm.
500 ## - GENERAL NOTE
General note Includes index.
504 ## - BIBLIOGRAPHY, ETC. NOTE
Bibliography, etc. note Bibliography: p. [495]-505.
600 10 - SUBJECT ADDED ENTRY--PERSONAL NAME
Personal name Gokhale, Gopal Krishna,
Dates associated with a name 1866-1915.
650 #0 - SUBJECT ADDED ENTRY--TOPICAL TERM
Topical term or geographic name entry element Statesmen
Geographic subdivision India
Form subdivision Biography.
651 #0 - SUBJECT ADDED ENTRY--GEOGRAPHIC NAME
Geographic name India
General subdivision Politics and government
Chronological subdivision 1765-1947.
856 42 - ELECTRONIC LOCATION AND ACCESS
Materials specified Publisher description
Uniform Resource Identifier <a href="http://www.loc.gov/catdir/enhancements/fy1504/77072129-d.html">http://www.loc.gov/catdir/enhancements/fy1504/77072129-d.html</a>
906 ## - LOCAL DATA ELEMENT F, LDF (RLIN)
a 7
b cbc
c orignew
d 2
e opcn
f 19
g y-gencatlg
942 ## - ADDED ENTRY ELEMENTS (KOHA)
Source of classification or shelving scheme Dewey Decimal Classification
Koha item type Books
Holdings
Withdrawn status Lost status Source of classification or shelving scheme Damaged status Not for loan Collection code Home library Current library Shelving location Date acquired Source of acquisition Total Checkouts Full call number Barcode Date last seen Copy number Price effective from Koha item type Public note
    Dewey Decimal Classification   Not For Loan Non-fiction Asiatic Society Library Asiatic Society Library Harrison Collection 10/11/2020 Donated by Prof. John B. Harrison   923.254 NAG 101681 10/11/2020 C-1 10/11/2020 Books RARE

Powered by Koha